[Event "Pardubice Czech op"]
[Site "Pardubice"]
[Date "1998.??.??"]
[Round "3"]
[White "Movsesian, Sergei"]
[Black "Jurek, Josef"]
[Result "1-0"]
[WhiteElo "2595"]
[BlackElo "2395"]

1.e4 e6 2.d4 d5 3.e5 c5 4.c3 Nc6 5.Nf3 Bd7 6.a3 c4 7.Nbd2 Na5 8.g3 Bc6 9.Bg2 Qd7
10.O-O Ba4 11.Qe2 O-O-O 12.Ne1 Kb8 13.f4 h5 14.Rb1 Bb3 15.Nxb3 Nxb3 16.Be3 Ne7
17.Nc2 g6 18.Rf3 Nc6 19.h3 b5 20.g4 hxg4 21.hxg4 Be7 22.f5 gxf5 23.gxf5 Rdg8
24.f6 Bd8 25.Kf2 a5 26.Rh3 Rxh3 27.Bxh3 b4 28.Bf4 Bb6 29.Ne3 Nbxd4 30.cxd4 Bxd4
31.b3 c3 32.axb4 Nxb4 33.Bg2 Qc6 34.Kf1 Qc5 35.Rc1 Ka7 36.Bf3 Rc8 37.Nc2 Nxc2
38.Qxc2 Rg8 39.Ke2 Rg6 40.Qd3 Rg1 41.Rxg1 Bxg1 42.Be3 Bxe3 43.Qxe3 d4 44.Qe4 Qc4+
45.Ke1 Qc6  1-0

[Event "Pardubice Czech op"]
[Site "Pardubice"]
[Date "1998.??.??"]
[Round "4"]
[White "Reprintsev, Alexander"]
[Black "Movsesian, Sergei"]
[Result "0-1"]
[WhiteElo "2440"]
[BlackElo "2595"]

1.e4 c5 2.b3 b6 3.Bb2 Bb7 4.Nc3 d6 5.f4 Nd7 6.Qe2 e6 7.O-O-O a6 8.Nf3 b5
9.d4 cxd4 10.Nxd4 b4 11.Na4 Ngf6 12.g4 Nxe4 13.Bg2 d5 14.Bxe4 dxe4 15.Qe3 Qc7
16.f5 e5 17.Ne2 Rc8 18.Kb1 Be7 19.c4 O-O 20.g5 f6 21.gxf6 Rxf6 22.Rhg1 Rf7
23.Ng3 Bc6 24.Nh5 Kh8 25.Qg3 Rg8 26.f6 Nxf6 27.Nxf6 Bxf6 28.Nc5 Qe7 29.Qe3 Qa7
30.Rd6 Rc8 31.Rg3 Be7 32.Bxe5 Bxd6 33.Bxd6 Rf3 34.Qd4 Rxg3 35.hxg3 Qf7 36.Bf4 a5
37.a3 Re8 38.Qe3 bxa3 39.Ka2 Qf6 40.Qc1 e3 41.Nd3 e2 42.Ne1 a4 43.Kxa3 axb3
44.Kxb3 Ra8 45.Qd2 Ba4+ 46.Kb4 Qb6+  0-1

[Event "Pardubice Czech op"]
[Site "Pardubice"]
[Date "1998.??.??"]
[Round "5"]
[White "Movsesian, Sergei"]
[Black "Timoshchenko, Gennadi A"]
[Result "1/2-1/2"]
[WhiteElo "2595"]
[BlackElo "2520"]

1.e4 c6 2.Nc3 d5 3.d4 dxe4 4.Nxe4 Bf5 5.Ng3 Bg6 6.Bc4 e6 7.N1e2 Bd6 8.O-O Qc7
9.f4 Ne7 10.Bd3 Nd7 11.c4 b6 12.Be3 O-O 13.Nc3 Rad8 14.Kh1 Bxd3 15.Qxd3 g6
16.Nge4 Nf5 17.g4 Nxe3 18.Qxe3 Be7 19.f5 Nf6 20.fxg6 Qxh2+ 21.Kxh2 Nxg4+
22.Kh3 Nxe3 23.Rxf7 Rxf7 24.gxf7+ Kxf7 25.Ne2 Nxc4 26.Rc1 Nd6 27.N4g3 Nb5
28.Rc4 Bf6 29.Rxc6 Rd7 30.Ne4 Nxd4 31.Nxd4 Rxd4 32.Rc7+ Be7 33.Ng5+ Ke8 34.Nxe6 Rd6
35.Nf4 Rd7 36.Rc2 Rd4 37.Ne2 Re4 38.Kg3 Bc5 39.Nc3 Bd6+ 40.Kf3 Rf4+ 41.Ke3 Rh4
42.Nb5 Bc5+ 43.Kf3 a5 44.Rd2 Ke7 45.Nc3 Ke6 46.Ne4 Ke5 47.Ng5 h6 48.Nf7+ Kf6
49.Kg3 Rh1 50.Nd6 Ke5 51.Nc4+ Ke4 52.b3 Rg1+ 53.Kh2 Rg5 54.Rd8 Kf3 55.Nd2+ Ke3
56.Rd7 b5 57.a4 Bb4 58.Nf1+ Kf2 59.Rf7+ Ke2 60.Ng3+ Kd3 61.Rf3+ Kc2 62.Nf5 bxa4
63.bxa4 h5 64.Kh3 Rg1 65.Nd4+ Kb2 66.Rf5 Rc1 67.Rxh5 Rc4 68.Rh4 Be7 69.Rg4 Rxa4
70.Rg2+ Kc3 71.Rg3+ Kc4 72.Nc6 Bb4 73.Rg4+ Kb5 74.Nd4+ Kb6 75.Kg2 Bc3 76.Rg6+ Kc5
77.Ne2 Bb2 78.Kf3 Ra3+ 79.Ke4 a4 80.Nf4 Rb3 81.Nd3+ Kc4 82.Rc6+ Kb5 83.Rc8 a3
84.Rb8+ Kc4 85.Rc8+  1/2-1/2

[Event "Pardubice Czech op"]
[Site "Pardubice"]
[Date "1998.??.??"]
[Round "6"]
[White "Movsesian, Sergei"]
[Black "Gyimesi, Zoltan"]
[Result "1/2-1/2"]
[WhiteElo "2595"]
[BlackElo "2505"]

1.e4 e5 2.Nf3 Nc6 3.Bb5 a6 4.Ba4 Nf6 5.d3 d6 6.c3 g6 7.O-O Bg7 8.Re1 O-O
9.Nbd2 b5 10.Bc2 Re8 11.Nf1 h6 12.Ng3 d5 13.Qe2 Be6 14.h3 Qd7 15.a4 Rab8
16.axb5 axb5 17.Bd2 Qd6 18.Kh1 dxe4 19.dxe4 Nd7 20.Red1 Bc4 21.Qe1 Qe7 22.Be3 Nc5
23.b4 Nb7 24.Nd2 Be6 25.Qf1 Nd6 26.Bd3 Nd8 27.Ba7 Rb7 28.Bc5 Bd7 29.Ra6 Bf8
30.Bxd6 cxd6 31.Ra5 h5 32.Bxb5 Rxb5 33.Rxb5 h4 34.Rb6 hxg3 35.Nc4 Bg4 36.Ra1 Qf6
37.Ne3 Be6 38.fxg3 Qg5 39.Qf3 Bh6 40.Nf1 Qe7 41.Ra8 Kg7 42.Kh2 Qd7 43.Ne3 Rh8
44.Nd5 Bg5 45.Kg1 Bxd5 46.exd5 e4 47.Qxe4 Re8 48.Rxd6 Qxd6 49.Qxe8 Qxg3 50.Ra1 Be3+
51.Kh1 Bf4 52.Kg1 Be3+ 53.Kh1  1/2-1/2

[Event "Pardubice Czech op"]
[Site "Pardubice"]
[Date "1998.??.??"]
[Round "8"]
[White "Movsesian, Sergei"]
[Black "Haba, Petr"]
[Result "1/2-1/2"]
[WhiteElo "2595"]
[BlackElo "2570"]

1.e4 e5 2.Nf3 Nf6 3.d4 Nxe4 4.Bd3 d5 5.Nxe5 Nd7 6.Qe2 Nxe5 7.Bxe4 dxe4 8.Qxe4 Be6
9.Qxe5 Qd7 10.Be3 Bb4+ 11.c3 Bd6 12.Qh5 O-O 13.O-O Bg4 14.Qh4 Rfe8 15.Nd2 f5
16.h3 Be2 17.Rfe1 Qb5 18.c4 Bxc4 19.b3 Bd5 20.Bf4 Rxe1+ 21.Rxe1 Qd3 22.Bxd6 Qxd2
23.Re5  1/2-1/2

[Event "Prague blind sim"]
[Site "Prague"]
[Date "1998.??.??"]
[Round "?"]
[White "Movsesian, Sergei"]
[Black "Vacovska, Veronika"]
[Result "1/2-1/2"]
[WhiteElo "2640"]
[BlackElo "2060"]

1.d4 d5 2.c4 e6 3.Nc3 c6 4.e4 Bb4 5.cxd5 exd5 6.e5 Ne7 7.Bd3 Qb6 8.Ne2 Bg4
9.O-O O-O 10.a3 Bxc3 11.bxc3 Nd7 12.Rb1 Qc7 13.a4 b6 14.Qc2 Ng6 15.Ng3 c5
16.h3 Be6 17.Qe2 Rae8 18.f4 f5 19.Be3 Ne7 20.Rfc1 c4 21.Bc2 Rb8 22.Nf1 a6
23.Bf2 b5 24.axb5 axb5 25.Ne3 Nc6 26.g4 fxg4 27.f5 gxh3 28.Kh2 Ndxe5 29.Bg3 Qa5
30.Bxe5 Nxe5 31.dxe5 Qxc3 32.Ng4 Qd4 33.Rf1 Bf7 34.Rbd1 Qc5 35.e6 d4 36.exf7+ Rxf7
37.Be4 Re8 38.Qf3 Rfe7 39.Bd5+ Kh8 40.f6 Re2+ 41.Kh1 Qf8 42.f7 R8e7 43.Qxh3 d3
44.Bf3 Rxf7 45.Bxe2 dxe2 46.Rfe1 exd1=Q 47.Rxd1 Qa8+  1/2-1/2

[Event "Prague blind sim"]
[Site "Prague"]
[Date "1998.??.??"]
[Round "?"]
[White "Movsesian, Sergei"]
[Black "Skorpik, Martin"]
[Result "1-0"]
[WhiteElo "2640"]
[BlackElo "2125"]

1.e4 e6 2.d4 d5 3.e5 Ne7 4.Nf3 b6 5.h4 h5 6.Bg5 Ba6 7.Bxa6 Nxa6 8.c3 Qd7
9.Nbd2 c5 10.Qe2 Nc7 11.Rd1 Nf5 12.O-O Be7 13.dxc5 bxc5 14.c4 d4 15.Ne4 Rb8
16.Bxe7 Qxe7 17.g3 f6 18.Rfe1 Kf7 19.b3 Rb6 20.Nfd2 a5 21.exf6 gxf6 22.Qf3 Na6
23.Re2 Nb4 24.a3 Nc6 25.Rde1 Ne5 26.Ng5+ Kg6 27.Rxe5 fxe5 28.Rxe5 Rf8 29.Qe4 Rf6
30.Nh3 Kf7 31.Nf4 Ng7 32.Nf3 Rxf4 33.Qxf4+ Kg8 34.Ng5 Qb7 35.Ne4 Rxb3 36.Nf6+ Kf7
37.Ne4+ Kg8 38.Kh2 Rb1 39.Rg5 Qf7 40.Nf6+ Kh8 41.Rd5 Nf5 42.Rxf5  1-0

[Event "Pribram Cup"]
[Site "Pribram"]
[Date "1998.??.??"]
[Round "?"]
[White "Vltavsky, Vladimir"]
[Black "Movsesian, Sergei"]
[Result "0-1"]
[WhiteElo "2260"]
[BlackElo "2640"]

1.e4 c5 2.Nf3 d6 3.c3 Nf6 4.Bd3 Nc6 5.h3 g6 6.O-O Bg7 7.Re1 e5 8.Bf1 O-O
9.d4 Qc7 10.Na3 a6 11.Nc2 Rd8 12.Bg5 h6 13.Bxf6 Bxf6 14.Ne3 Ne7 15.dxe5 dxe5
16.Qb3 b5 17.c4 Rb8 18.Qc2 Bg7 19.Rad1 Be6 20.Rxd8+ Qxd8 21.Rd1 Qb6 22.b3 Nc6
23.Nd5 Qa7 24.Rc1 b4 25.Bd3 a5 26.Qe2 Rf8 27.Bb1 f5 28.Ne1 a4 29.f3 Nd4 30.Qb2 Bxd5
31.exd5 e4 32.Qd2 axb3 33.fxe4 fxe4 34.Rd1 bxa2 35.Qxa2 Qxa2 36.Bxa2 Ne2+  0-1

[Event "Pribram Cup"]
[Site "Pribram"]
[Date "1998.??.??"]
[Round "?"]
[White "Movsesian, Sergei"]
[Black "Simacek, Pavel"]
[Result "1-0"]
[WhiteElo "2640"]
[BlackElo "2350"]

1.e4 e5 2.Nf3 Nc6 3.Nc3 g6 4.d4 exd4 5.Nxd4 Bg7 6.Be3 Nge7 7.Bc4 O-O 8.O-O Na5
9.Be2 d5 10.exd5 Nxd5 11.Nxd5 Qxd5 12.Nb5 Qc6 13.Nxa7 Rxa7 14.Bxa7 b6 15.Bf3 Qc4
16.b3 Qf4 17.Rc1 Bb7 18.Bxb7 Nxb7 19.g3 Qf5 20.Re1 Qa5 21.Qd7 Qxa7 22.Qxc7 Qa6
23.Rcd1 Nc5 24.a4 Ne6 25.Qc6 Nd4 26.Qe4 Qa5 27.Re3 Qc5 28.b4 Qxb4 29.c3 Qxa4
30.Ree1 Rd8 31.cxd4 Kf8 32.Qe7+  1-0

[Event "SVK-chT 9798"]
[Site "SVK"]
[Date "1998.??.??"]
[Round "8"]
[White "Mrva, Martin"]
[Black "Movsesian, Sergei"]
[Result "0-1"]
[WhiteElo "2415"]
[BlackElo "2595"]

1.e4 e6 2.d4 d5 3.Nd2 Nf6 4.e5 Nfd7 5.Bd3 c5 6.c3 Nc6 7.Ne2 cxd4 8.cxd4 f6
9.exf6 Qxf6 10.Nf3 Bd6 11.O-O h6 12.Qc2 O-O 13.Bb5 Nb4 14.Qb3 a6 15.Bxd7 Bxd7
16.Bf4 Bxf4 17.Nxf4 Nc6 18.Ne2 Be8 19.Rac1 Bh5 20.Rc3 Rf7 21.Ng3 Bg6 22.Qb6 Be4
23.Rxc6 bxc6 24.Ne5 Rff8 25.Qxc6 Rac8 26.Qxa6 Rfd8 27.b4 Rc2 28.Qa7 Rf8 29.f3 Qg5
30.Rf2 Qe3 31.Ng4 Rc1+ 32.Nf1 Rxf1+ 33.Kxf1  0-1

[Event "SVK-chT 9798"]
[Site "SVK"]
[Date "1998.??.??"]
[Round "9"]
[White "Movsesian, Sergei"]
[Black "Klemanic, Emil"]
[Result "1-0"]
[WhiteElo "2595"]
[BlackElo "2315"]

1.e4 e5 2.Nf3 d6 3.d4 Nf6 4.Nc3 Nbd7 5.Bc4 Be7 6.O-O c6 7.a4 Qc7 8.Qe2 O-O
9.h3 b6 10.Ba2 h6 11.Be3 Bb7 12.dxe5 dxe5 13.Nh4 Nc5 14.Nf5 Bc8 15.Qf3 Bxf5
16.Qxf5 Kh8 17.Rad1 g6 18.Qf3 Kg7 19.b4 Ne6 20.b5 c5 21.Nd5 Nxd5 22.Bxd5 Rad8
23.c3 Nf4 24.Bc4 Rxd1 25.Rxd1 Rd8 26.Ra1 h5 27.h4 Qd6 28.g3 Ne6 29.a5 Rd7
30.axb6 axb6 31.Kh2 Bd8 32.Ra8 Qe7 33.Rc8 Rd6 34.Ra8 Rd7 35.Qe2 Qf6 36.Rc8 Rd6
37.Bd5 Qe7 38.Bc6 Qf6 39.Bc1 Qe7 40.Qe3 g5 41.hxg5 Nxg5 42.Rxd8 Qxd8 43.Qxg5+ Qxg5
44.Bxg5 f6 45.Be3 Rd3 46.c4 Rc3 47.Bd5 Kg6 48.Be6 Rb3 49.Kg2 Rb1 50.Bd2 Rb2
51.Be3 Rb1 52.f4 Rd1 53.Kf2 Rd8 54.Bd5 Rd7 55.Kg2 Ra7 56.Bc6 Ra4 57.Bd5 Ra3
58.Kf3 Rb3 59.Be6 Rc3 60.Ke2 Rc2+ 61.Bd2 exf4 62.Kd3 Ra2 63.Bxf4 Ra7 64.Ke3 Re7
65.Bd5 Ra7 66.Kf3 Ra3+ 67.Kg2 Ra2+ 68.Kh3 Ra7 69.Bc6 Re7 70.Bd6 Ra7 71.Be8+ Kg7
72.Bxh5 Ra4 73.Be2 Ra2 74.Bf1 Rf2 75.Bg2 Rc2 76.e5 Rxc4 77.e6 Rd4 78.e7 Kf7
79.Bc6  1-0

[Event "Prague Sachinfo"]
[Site "Prague"]
[Date "1999.05.31"]
[Round "1"]
[White "Rogers, Ian"]
[Black "Movsesian, Sergei"]
[Result "1/2-1/2"]
[WhiteElo "2618"]
[BlackElo "2650"]

1.d4 Nf6 2.c4 g6 3.Nc3 Bg7 4.e4 d6 5.Be2 O-O 6.Nf3 Na6 7.Bg5 h6 8.Bh4 e5
9.d5 Nc5 10.Nd2 a5 11.b3 Bd7 12.a3 Qe8 13.O-O Nh7 14.b4 Na6 15.Rb1 axb4 16.axb4 h5
17.f3 Bh6 18.Bf2 Qe7 19.Qc2 h4 20.Rfd1 b6 21.Qb2 Qg5 22.Bf1 Nf6 23.Ra1 Nh5
24.Ra3 Kg7 25.Ne2 f5 26.Qa1 Nxb4 27.Rxa8 Rxa8 28.Qxa8 Nd3 29.f4 Nhxf4 30.Nxf4 Nxf2
31.Kxf2 Qxf4+ 32.Kg1 fxe4 33.Qd8 Bg4 34.Qxc7+ Qf7 35.Qxf7+ Kxf7 36.Re1 Bxd2
37.Rxe4 Bf5 38.Rxh4 Be3+ 39.Kh1 Kg7 40.g4 Bf2 41.Rh3 Bxg4 42.Rb3 e4 43.Kg2 Bd4
44.Kg3 Bh5 45.Kf4 Bf3 46.Rxf3  1/2-1/2

[Event "Prague Sachinfo"]
[Site "Prague"]
[Date "1999.06.01"]
[Round "2"]
[White "Ftacnik, Lubomir"]
[Black "Movsesian, Sergei"]
[Result "1/2-1/2"]
[WhiteElo "2585"]
[BlackElo "2650"]

1.d4 Nf6 2.Nf3 d5 3.c4 c6 4.Nc3 a6 5.Ne5 Nbd7 6.Bf4 Nxe5 7.dxe5 Ne4 8.Nxe4 dxe4
9.Qxd8+ Kxd8 10.g3 Bf5 11.O-O-O+ Kc8 12.h4 h5 13.Bh3 Bxh3 14.Rxh3 e6 15.Be3 Kc7
16.Rd4 Bc5 17.Rxe4 Bxe3+ 18.Rxe3 Rad8 19.Rd3 b5 20.cxb5 axb5 21.Kc2 Rd5 22.f4 Ra8
23.a3 Ra4 24.Rh1 Re4 25.Kd2 f6 26.exf6 gxf6 27.Rc1 Ra4 28.Rc3 Kd6 29.Kc2 Re4
30.Re3 Red4 31.Rcd3 Rc4+ 32.Kd2 Ra4 33.Kc2 Rc4+ 34.Rc3 Rcd4 35.Red3 Re4 36.Kd1 c5
37.b3 c4  1/2-1/2

[Event "CRO-chT"]
[Site "Pula"]
[Date "1999.09.16"]
[Round "7"]
[White "Movsesian, Sergei"]
[Black "Ulibin, Mikhail"]
[Result "1-0"]
[WhiteElo "2659"]
[BlackElo "2562"]

1.e4 e6 2.d4 d5 3.e5 c5 4.c3 Nc6 5.Nf3 Bd7 6.Be2 Nge7 7.Na3 cxd4 8.cxd4 Nf5
9.Nc2 Qb6 10.h4 Nb4 11.Nxb4 Qxb4+ 12.Kf1 Bb5 13.g4 Bxe2+ 14.Kxe2 Qc4+ 15.Qd3 Ne7
16.h5 h6 17.Bd2 Rc8 18.a3 Kd7 19.Rac1 Qxd3+ 20.Kxd3 Rxc1 21.Rxc1 Nc6 22.Ng1 g6
23.hxg6 fxg6 24.Ne2 g5 25.Rh1 Rg8 26.Ng3 Rg6 27.Nh5 Be7 28.Rf1 a6 29.Rg1 Rg8
30.Rg3 Rg6 31.Rf3 Ke8 32.Bc3 b5 33.Bd2 a5 34.Rh3 Kd7 35.Rg3 Bd8 36.Rf3 Ke8
37.Rh3 Kd7 38.Ng3 Be7 39.Ne2 Bd8 40.Rh1 Be7 41.Ng3 Bf8 42.Be3 Be7 43.Ne2 Bd8
44.Nc3 Na7 45.Rd1 Be7 46.Ke2 Rg8 47.Rh1 Rg6 48.Kf3 Bf8 49.Kg3 Rg8 50.Ne2 Nc6
51.f4 gxf4+ 52.Nxf4 Be7 53.Rxh6 Bg5 54.Rh7+ Ne7 55.Nh5 Bxe3 56.Nf6+ Kc6 57.Rxe7 Rd8
58.Rxe6+ Kc7 59.b3 Bxd4 60.g5 Rh8 61.Kg2 Kd8 62.g6 Rh6 63.Nxd5 Bxe5 64.Rxe5 Rxg6+
65.Kf3 Kd7 66.Nf4 Rb6 67.Ke4  1-0

[Event "CRO-chT"]
[Site "Pula"]
[Date "1999.09.18"]
[Round "9"]
[White "Movsesian, Sergei"]
[Black "Tukmakov, Vladimir B"]
[Result "1/2-1/2"]
[WhiteElo "2659"]
[BlackElo "2557"]

1.e4 c6 2.d4 d5 3.Nd2 dxe4 4.Nxe4 Bf5 5.Ng3 Bg6 6.h4 h6 7.Nf3 Nf6 8.h5 Bh7
9.Bd3 Bxd3 10.Qxd3 e6 11.Bd2 c5  1/2-1/2

[Event "Extraliga CZE"]
[Site "Ostrava CZE"]
[Date "1999.11.20"]
[Round "3"]
[White "Movsesian,S"]
[Black "Meduna,E"]
[Result "1-0"]
[WhiteElo "2659"]
[BlackElo "2502"]

1.d4 d5 2.c4 c6 3.Nc3 Nf6 4.Nf3 a6 5.Bg5 e6 6.e3 Nbd7 7.cxd5 cxd5 8.a4 h6
9.Bh4 b6 10.Bd3 Bb7 11.O-O Bd6 12.Qb3 O-O 13.Rfc1 Rc8 14.Rc2 Rc6 15.Rac1 Qa8
16.Bg3 Bxg3 17.hxg3 Rfc8 18.Qa3 Qb8 19.a5 b5 20.Qb4 Ne8 21.g4 Qd6 22.Qb3 Qc7
23.e4 dxe4 24.Bxe4 Rc4 25.Nxb5 Rxc2 26.Rxc2 Qxa5 27.Bxb7 Rxc2 28.Qxc2 axb5
29.Qc8 Nf6 30.Bc6 Qc7 31.Qa8 Kh7 32.Bxe8 Qc1+ 33.Kh2 Nxg4+ 34.Kg3 f5 35.Bf7 Nf6
36.Qb8 g5 37.Bxe6 h5 38.Bxf5+ Kg7 39.Qe5  1-0

[Event "Eu Team Ch"]
[Site "Batumi GEO"]
[Date "1999.11.29"]
[Round "1"]
[White "Lanka,Z"]
[Black "Movsesian,S"]
[Result "1-0"]
[WhiteElo "2504"]
[BlackElo "2659"]

1.e4 c5 2.Nf3 Nc6 3.d4 cxd4 4.Nxd4 Qc7 5.Nc3 e6 6.Be2 a6 7.O-O Nf6 8.Kh1 Be7
9.f4 d6 10.Nxc6 bxc6 11.Qd3 O-O 12.b3 d5 13.Bb2 a5 14.Qg3 Bb7 15.e5 Nd7 16.Rae1 Kh8
17.Qh3 g6 18.Rf3 Rfe8 19.Na4 c5 20.Bb5 Red8 21.f5 gxf5 22.Bxd7 d4 23.Bb5 Bxf3
24.Qxf3 Rab8 25.Bd3 Rd5 26.Bc1 Rxe5 27.Rf1 Rd5 28.g4 Rg8 29.gxf5 Qe5 30.Nb6 Rdd8
31.f6 Bd6 32.Qh3 Qxh2+ 33.Qxh2 Bxh2 34.Kxh2 Rd6 35.Nc4 Rd5 36.Be2 Rg6 37.Bf4 Rf5
38.Nd6 Rfxf6 39.Be5 Rh6+ 40.Kg3 Rg6+ 41.Kh4  1-0

[Event "Eu Team Ch"]
[Site "Batumi GEO"]
[Date "1999.11.30"]
[Round "2"]
[White "Movsesian,S"]
[Black "Jussupow,A"]
[Result "1/2-1/2"]
[WhiteElo "2659"]
[BlackElo "2636"]

1.e4 e5 2.Nf3 Nf6 3.Nxe5 d6 4.Nf3 Nxe4 5.d4 d5 6.Bd3 Nc6 7.O-O Be7 8.c4 Nf6
9.Nc3 Be6 10.cxd5 Nxd5 11.Re1 O-O 12.Be4 Bf6 13.a3 h6 14.Qd3 Nce7 15.Bd2 c6
16.Rad1 Rc8 17.h3 Nxc3 18.bxc3 b5 19.Bf4 Bd5 20.Nd2 Re8 21.Qg3 Kh8 22.Qg4 Be6
23.Qh5 Ng8 24.Bb1 g6 25.Qf3 Bd5 26.Qg3 Bg7 27.Re3 Rxe3 28.fxe3 Nf6 29.Be5 Nh5
30.Bxg7+ Kxg7 31.Qf2 f5 32.Rf1 Qe7 33.a4  1/2-1/2

[Event "Eu Team Ch"]
[Site "Batumi GEO"]
[Date "1999.12.01"]
[Round "3"]
[White "Rozentalis,E"]
[Black "Movsesian,S"]
[Result "1/2-1/2"]
[WhiteElo "2586"]
[BlackElo "2659"]

1.e4 c5 2.Nf3 e6 3.c3 d5 4.exd5 exd5 5.d4 Nc6 6.g3 Bg4 7.Bg2 cxd4 8.O-O Bd6
9.cxd4 Nge7 10.Nc3 O-O 11.h3 Bh5 12.Be3 h6 13.Qd2 Na5  1/2-1/2

[Event "Eu Team Ch"]
[Site "Batumi GEO"]
[Date "1999.12.02"]
[Round "4"]
[White "Movsesian,S"]
[Black "Piket,Je"]
[Result "1/2-1/2"]
[WhiteElo "2659"]
[BlackElo "2635"]

1.Nf3 Nf6 2.g3 d5 3.Bg2 c6 4.O-O Bg4 5.d3 Nbd7 6.Nbd2 e5 7.e4 dxe4 8.dxe4 Bc5
9.h3 Bh5 10.Qe1 O-O 11.Nh4 Re8 12.Kh1 Bg6 13.Qe2 Qe7 14.c3 a5 15.a4 Qe6 16.Kh2 Nb6
17.Re1 Rad8  1/2-1/2

[Event "Extraliga CZE"]
[Site "Ostrava CZE"]
[Date "1999.12.18"]
[Round "5"]
[White "Gretarsson,H"]
[Black "Movsesian,S"]
[Result "0-1"]
[WhiteElo "2521"]
[BlackElo "2659"]

1.d4 e6 2.c4 Bb4+ 3.Bd2 Qe7 4.e4 d5 5.e5 dxc4 6.Bxc4 Nd7 7.Nc3 Nb6 8.Bb3 Bd7
9.Qg4 f5 10.Qg3 a5 11.a3 Bxc3 12.bxc3 Bb5 13.Rb1 Nc4 14.Bc1 Qd7 15.Ne2 Kf7
16.Nf4 Ne7 17.h4 Qc6 18.O-O Rhd8 19.Re1 b6 20.Bd1 Ba4 21.Bh5+ Kf8 22.Bf3 Nd5
23.Nxd5 Rxd5 24.Bxd5 Qxd5 25.h5 h6 26.f3 Be8 27.Qh4 Rd8 28.Ra1 c5 29.Rd1 Ba4
30.Re1 cxd4 31.Bxh6 gxh6 32.Qf6+ Ke8 33.cxd4 Kd7 34.Kh1 Kc7 35.Rac1 Bc6 36.Qxh6 Qxd4
37.Re2 b5 38.Qxe6 Qf4 39.Rec2 Rh8 40.a4 Rxh5+  0-1

[Event "CZE-chT 9899"]
[Site "CZE"]
[Date "1999.??.??"]
[Round "11"]
[White "Movsesian, Sergei"]
[Black "Vokac, Marek"]
[Result "1-0"]
[WhiteElo "2595"]
[BlackElo "2510"]

1.e4 c5 2.Nf3 d6 3.d4 cxd4 4.Nxd4 Nf6 5.Nc3 a6 6.Be3 e5 7.Nb3 Be6 8.f3 Be7
9.Qd2 O-O 10.O-O-O a5 11.Kb1 Nbd7 12.Bb5 Nb6 13.Qf2 Nc4 14.Bxc4 Bxc4 15.Bb6 Qc8
16.Nxa5 Be6 17.Nb3 Qc6 18.a3 Rfc8 19.Na5 Qe8 20.Rd3 Ra6 21.Nb3 Bc4 22.Rd2 Qc6
23.Be3 d5 24.exd5 Nxd5 25.Nxd5 Bxd5 26.Rhd1 Bxb3 27.cxb3 Qg6+ 28.Ka2 h5 29.Qe2 Kh7
30.g3 Bb4 31.Rd3 b5 32.Bc1 Rac6 33.Kb1 Bd6 34.Bd2 Be7 35.Bc3 Bxa3 36.Qxe5 Bf8
37.Qxb5 Rd6 38.Kc1 Rb6 39.Qd5 Bb4 40.f4 Rbc6 41.Kd2 Be7 42.Re1 Bf6 43.Qe4 Bxc3+
44.bxc3 f5 45.Qd5 h4 46.Re5 Rf6 47.c4 Rcc6 48.c5 Ra6 49.Kc3 Ra2 50.Qd8 Qg4
51.Re8 Kg6 52.gxh4 Rxh2 53.Rh8 Re6 54.Qg5+ Qxg5 55.fxg5 f4 56.Rd6 Kf7 57.Rd7+ Kg6
58.Rd6 Kf7 59.Rf8+ Kxf8 60.Rxe6 Rxh4 61.Re4 Rg4 62.c6 Rg1 63.Kb4  1-0

[Event "5th HIT Open"]
[Site "Nova Gorica SLO"]
[Date "2000.02.01"]
[Round "1"]
[White "Movsesian,S"]
[Black "Krivec,J"]
[Result "1-0"]
[WhiteElo "2668"]
[BlackElo "2188"]

1.e4 e5 2.Nf3 Nc6 3.Bb5 a6 4.Ba4 Nf6 5.O-O Be7 6.Re1 b5 7.Bb3 d6 8.c3 O-O
9.d4 exd4 10.cxd4 Bg4 11.Nc3 Na5 12.Bc2 c5 13.dxc5 dxc5 14.e5 Qxd1 15.Rxd1 Nd7
16.h3 Be6 17.Ne4 Nc4 18.Neg5 Ndxe5 19.Bxh7+ Kh8 20.Nxe5 Bxg5 21.Bxg5 Kxh7
22.Nd3 Rfc8 23.Rac1 Na5 24.a3 Nb3 25.Rc3 f6 26.Be3 c4 27.Nf4 Bf7 28.Rd7 Kg8
29.Bb6 Rcb8 30.Rd6 Rb7 31.h4 a5 32.h5 b4 33.axb4 axb4 34.Rg3 Kh7 35.h6 Kxh6
36.Rh3+ Kg5 37.Ne2 Kg6 38.g4 Bg8 39.Bd8 Kf7 40.g5 Rbb8 41.Bc7 Re8 42.Nf4 fxg5
43.Nd5 g4 44.Rh5 Re1+ 45.Kg2 Nd4 46.Rd7+ Ke8 47.Rxg7 Bxd5+ 48.Rxd5 Ne6 49.Rg8+ Nf8
50.Rc5 Re4 51.Rf5 Ke7 52.Bg3 c3 53.bxc3 bxc3 54.Bh4+ Kd7 55.Rf7+ Kd6 56.Rgxf8 c2
57.Rf6+ Kd5 58.Rf5+ Re5 59.Rxa8 c1=Q 60.Ra5+ Kd4 61.Raxe5  1-0

[Event "5th HIT Open"]
[Site "Nova Gorica SLO"]
[Date "2000.02.03"]
[Round "3"]
[White "Movsesian,S"]
[Black "Kogan,A"]
[Result "0-1"]
[WhiteElo "2668"]
[BlackElo "2483"]

1.e4 d5 2.exd5 Qxd5 3.Nc3 Qa5 4.d4 Nf6 5.Bc4 Bg4 6.f3 Bf5 7.Ne2 e6 8.Bd2 Qb6
9.g4 Bg6 10.h4 h6 11.Bb3 Nc6 12.Be3 O-O-O 13.Qd2 Bb4 14.O-O-O Nd5 15.Bf2 Na5
16.h5 Bh7 17.g5 Nxb3+ 18.cxb3 hxg5 19.Qxg5 Qa5 20.Nxd5 exd5 21.a4 Rhe8 22.Qxg7 Rxe2
23.Qxh7 Rxf2 24.Qf5+ Kb8 25.Qf6 Rc8 26.Rd3 Qb6  0-1

[Event "5th HIT Open"]
[Site "Nova Gorica SLO"]
[Date "2000.02.04"]
[Round "4"]
[White "Cioara,A"]
[Black "Movsesian,S"]
[Result "1-0"]
[WhiteElo "2353"]
[BlackElo "2668"]

1.e4 c5 2.Nf3 e6 3.d4 cxd4 4.Nxd4 a6 5.Bd3 Qb6 6.Nb3 Qc7 7.O-O Nf6 8.f4 d6
9.Kh1 Nbd7 10.Nc3 b5 11.a3 Bb7 12.Qf3 g6 13.Bd2 Bg7 14.Rae1 O-O 15.Qh3 Rfe8
16.Nd4 Nc5 17.Nf3 d5 18.e5 Nfe4 19.Bxe4 dxe4 20.Nd4 Red8 21.Be3 Rab8 22.Rd1 Na4
23.Nxa4 bxa4 24.c3 Bd5 25.Rd2 Qc4 26.g4 Qa2 27.Rff2 Bc4 28.Qg2 Rdc8 29.h4 Bd3
30.Kh2 Qd5 31.g5 Rb7 32.h5 Bf8 33.Kg3 Rd7 34.hxg6 fxg6 35.Qh3 Bc5 36.Rh2 Rf7
37.Rd1 Re8 38.Rf2 Ref8 39.Qg4 Rd7 40.Re1 Re8 41.Rh2 Bc4 42.Rd2 Bd3 43.Rh2 Rf7
44.Rf2 Qd7 45.Qd1 Ba7 46.Nc2 Bb8 47.Bd4 Ref8 48.Ne3 h5 49.gxh6 g5 50.Qg4 Kh7
51.Kh2 Rg8 52.Rg1 Rg6 53.Rfg2 Ba7 54.fxg5 Rf2 55.Rxf2 Bxd4 56.cxd4 Qxd4 57.Rf7+ Kh8
58.Qf4 Qxb2+ 59.Kg3  1-0

[Event "5th HIT Open"]
[Site "Nova Gorica SLO"]
[Date "2000.02.05"]
[Round "5"]
[White "Movsesian,S"]
[Black "Srebrnic,V"]
[Result "1-0"]
[WhiteElo "2668"]
[BlackElo "2202"]

1.e4 e5 2.Nf3 Nc6 3.Bb5 f5 4.Nc3 fxe4 5.Nxe4 Nf6 6.Qe2 Qe7 7.O-O d5 8.Nc3 e4
9.Nd4 Bd7 10.Bxc6 bxc6 11.d3 c5 12.Ndb5 Bxb5 13.Nxb5 c6 14.Nc3 exd3 15.Qxd3 Qd7
16.b3 Bd6 17.Na4 O-O 18.h3 Qc7 19.Be3 Qa5 20.c4 Rae8 21.Bd2 Qa6 22.Be3 Qa5
23.cxd5 cxd5 24.Bd2 Qc7 25.Rac1 Rc8 26.Bg5 c4 27.Qd1 Bh2+ 28.Kh1 Bf4 29.Bxf4 Qxf4
30.Nc3 Qf5 31.Nb5 Ne4 32.Kg1 a6 33.Nd4 Qf7 34.Nf3 Rfd8 35.Qd4 c3 36.Rc2 Qe7
37.Rd1 Qc5 38.Rd3 Qxd4 39.Nxd4 a5 40.f3 Nf6 41.Rdxc3 Rxc3 42.Rxc3 Ra8 43.a4 Ra6
44.Kf2 h5 45.g4 hxg4 46.hxg4 Nd7 47.Nf5  1-0

[Event "5th HIT Open"]
[Site "Nova Gorica SLO"]
[Date "2000.02.06"]
[Round "6"]
[White "Jurkovic,A"]
[Black "Movsesian,S"]
[Result "0-1"]
[WhiteElo "2326"]
[BlackElo "2668"]

1.g3 d5 2.Bg2 e5 3.d3 Nf6 4.Nf3 Bd6 5.Nc3 c6 6.e4 h6 7.O-O O-O 8.Nh4 Bg4
9.Qe1 dxe4 10.dxe4 Na6 11.Be3 Qc8 12.f3 Be6 13.g4 Qc7 14.Kh1 Bc5 15.Nd1 Qb6
16.b3 Rfd8 17.Bxc5 Qxc5 18.Ne3 Rd7 19.Rf2 Rad8 20.Bf1 Nc7 21.Rg2 Nh7 22.Bd3 Ng5
23.Rg3 a5 24.Nhf5 Nh7 25.Qf2 Qa3 26.Rgg1 a4 27.Qg3 Qc5 28.h4 Nf8 29.Rab1 axb3
30.axb3 Na6 31.Bxa6 bxa6 32.Rg2 Ng6 33.Rf2 Nf4 34.Rbf1 Qb5 35.h5 f6 36.Qh2 Bf7
37.Qh4 Qc5 38.Ng2 Ne6 39.Nge3 Kh7 40.Qh2 Qc3 41.Kg2 Nf4+ 42.Kg3 Be6 43.Ng2 Rd2
44.Nxf4 exf4+ 45.Kh3 Qxc2 46.Rxd2 Rxd2 47.Qxf4 Rd3 48.Kg3 Qe2 49.Rf2 Qe1
50.b4  0-1

[Event "5th HIT Open"]
[Site "Nova Gorica SLO"]
[Date "2000.02.07"]
[Round "7"]
[White "Movsesian,S"]
[Black "Brumen,D"]
[Result "1-0"]
[WhiteElo "2668"]
[BlackElo "2403"]

1.e4 e6 2.d4 d5 3.e5 c5 4.c3 Nc6 5.Nf3 Bd7 6.Be2 Nge7 7.Na3 cxd4 8.cxd4 Nf5
9.Nc2 Nb4 10.O-O Nxc2 11.Qxc2 Qb6 12.Qd3 h6 13.a4 Bb4 14.h4 Rc8 15.h5 Ne7
16.Bf4 Nc6 17.Rfc1 Na5 18.Rxc8+ Bxc8 19.b3 Bd7 20.Kh2 Be7 21.Bd2 Bb4 22.Be3 Be7
23.Bd1 Nc6 24.g4 Qa6 25.Qc2 Nb4 26.Qd2 Qd3 27.Qb2 O-O 28.Ne1 Qh7 29.Rc1 Bc6
30.Qd2 f6 31.exf6 Bd6+ 32.f4 Rxf6 33.Kg3 g5 34.hxg6 Qxg6 35.Nf3 Qd3 36.Ne5 Bxe5
37.dxe5 Rf7 38.Qxd3 Nxd3 39.Rc3 Nb4 40.Bxa7 d4 41.Rc4  1-0

[Event "Blitz Chess Marathon"]
[Site "Dordrecht NED"]
[Date "2000.02.12"]
[Round "2.1"]
[White "Movsesian,S"]
[Black "Krabbe,T"]
[Result "1-0"]
[WhiteElo "2668"]
[BlackElo "2274"]

1.e4 e5 2.Nf3 Nc6 3.Bb5 a6 4.Ba4 Nf6 5.O-O Be7 6.Re1 d6 7.d4 exd4 8.Bxc6+ bxc6
9.Nxd4 Bd7 10.Nc3 O-O 11.b3 c5 12.Nde2 Bc6 13.Qd3 Nd7 14.Bb2 Bf6 15.Rad1 Re8
16.Nf4 Ne5 17.Qh3 Qc8 18.Qxc8 Rb8 19.Qxe8+ Rxe8  1-0

[Event "Blitz Chess Marathon"]
[Site "Dordrecht NED"]
[Date "2000.02.12"]
[Round "4.1"]
[White "Movsesian,S"]
[Black "Piket,Je"]
[Result "0-1"]
[WhiteElo "2668"]
[BlackElo "2633"]

1.Nf3 Nf6 2.g3 c5 3.Bg2 Nc6 4.O-O d5 5.d3 Bg4 6.Nbd2 e6 7.e4 Be7 8.h3 Bh5
9.Qe1 O-O 10.c3 Qc7 11.Qe2 Rfd8 12.Re1 b5 13.a4 b4 14.Nf1 bxc3 15.bxc3 Bxf3
16.Bxf3 d4 17.c4 e5 18.Bd2 Rab8 19.Reb1 Rxb1 20.Rxb1 Rb8 21.Qe1 Nb4 22.Bxb4 cxb4
23.Nd2 Nd7 24.Nb3 Nb6 25.Ra1 Qc6 26.Qd1 Bd8 27.Nd2 Nd7 28.Bg4 Nc5 29.Qb1 b3
30.Bd1 b2 31.Ra2 g6 32.Rxb2 Rxb2 33.Qxb2 Nxe4 34.dxe4  0-1